Zastávky TEŽky - svedčil by im nový šat

Bibliographic Details
Format: Article
Language:Slovak
Subjects:

MARC

LEADER 00000nab a2200000 a 4500
001 vtls010243537
003 SK-MaSNL
005 20260304195521.0
008 180911 2011 xo e 000 0 slo
038 |a PPPK 
040 |a PPPKCL  |b slo  |c PPPK  |e AACR2 
041 0 |a slo 
044 |a xo  |c SK 
080 |a 656.2  |x (437.6-17)  |2 2001 
080 |a 629.433  |x (437.6-17)  |2 2001 
080 |a 656.2  |x (091)  |2 2001 
245 0 0 |a Zastávky TEŽky - svedčil by im nový šat  |c [autor] (ija) 
610 2 7 |a Tatranské elektrické železnice (Slovensko)  |2 pppkcl  |9 1091401 
650 0 7 |a železničná doprava  |2 pppkcl  |9 3185 
650 0 7 |a električky  |2 pppkcl  |9 18193 
651 7 |a Vysoké Tatry (Poľsko a Slovensko : pohorie)  |2 pppkcl  |9 67729 
651 7 |a Poprad (Slovensko : okres)  |2 pppkcl  |9 28675 
773 0 |t Tatranský dvojtýždenník  |g Roč. XXII, č. 2 (2011), s. 3 
852 |a PPPK  |b KIS3GCP 
999 |c 3081920  |d 3083850